Auto de Mofina Mendes (Registo nº 1206)
[ vista simples ]
| 000 -Etiqueta do registo | |
|---|---|
| Cabeçalho | 00928nam a2200277 4500 |
| 005 - Identificador da versão | |
| Campo de controlo | 20240813121829.0 |
| 010 ## - Número internacional normalizado dos livros (ISBN) | |
| Número (ISBN) | 9789895523559 |
| 021 ## - Número do Depósito Legal | |
| Código do país | PT |
| Número | 275767/08 |
| 100 ## - Dados gerais de processamento | |
| Dados gerais de processamento | 20150513d2008 a y0pory5003 ba |
| 102 ## - Pais de publicação ou produção | |
| País de publicação | Portugal |
| 101 0# - Língua de publicação | |
| Língua do texto, banda sonora, etc. | Português |
| 215 ## - Descrição física | |
| Indicação específica da natureza do documento e extensão da espécie | [34]p. |
| Outras indicações físicas | il. color |
| 200 1# - Titulo e menção de responsabilidade | |
| Título próprio | Auto de Mofina Mendes |
| Primeira menção de responsabilidade | Gil Vicente |
| Outras menções de responsabilidade | adapt. de Ana Luisa Amaral |
| -- | il. de Helena Simas |
| 225 2# - Colecção | |
| Título próprio da colecção | Clássicos da literatura portuguesa contados às crianças |
| Informação de outro título da colecção | biblioteca tempo dos mais novos |
| Nome de uma parte ou secção | Série da Helena |
| Indicação de volume | 9 |
| 205 ## - Menção da edição | |
| Menção da edição | 1ª ed |
| 210 ## - Publicação, Distribuição, etc. | |
| Lugar da edição, distribuição, etc. | Vila Nova de Famalicão |
| Nome do editor, distribuidor, etc. | Quasi |
| Data da publicação, distribuição, etc. | 2008 |
| 606 ## - Nome comum usado como assunto | |
| Número de registo de entrada de autoridade | 0002049 |
| Palavra de ordem | Literatura portuguesa |
| Subdivisão de assunto | Teatro |
| Código do sistema | CA |
| 675 ## - Classificação Decimal Universal (CDU) | |
| Notação | 821.134.3-2 |
| Edição | 3ª ed. |
| Língua da edição | por |
| 702 #1 - Nome de autor-pessoa física (responsabilidade secundária) | |
| Número de registo de entrada de autoridade | 0001699 |
| Palavra de ordem | Helena |
| Outra parte do nome não tomada para palavra de ordem | Simas |
| Código de função | Ilustrador / Técnico de desenho computorizado |
| Número de registo de entrada de autoridade | 0001698 |
| Palavra de ordem | Amaral |
| Outra parte do nome não tomada para palavra de ordem | Ana Luisa |
| Código de função | Adaptador |
| 700 #1 - Nome de autor-pessoa física (responsabilidade principal) | |
| Número de registo de entrada de autoridade | 0002215 |
| Palavra de ordem | Vicente |
| Outra parte do nome não tomada para palavra de ordem | Gil |
| Datas | 1465?-1537? |
| 966 ## - Identificação da Biblioteca | |
| Sigla | EB2,3ENM |
| 942 ## - Elementos de entrada adicionados (Koha) | |
| Tipo de item no Koha | Livro |
| Situação do levantamento | Origin of item (home branch) (coded) | Biblioteca de empréstimo | Código de barras | Cota | Circulation type (not for loan) | Tipo de documento | Nota do exemplar | Damaged status |
|---|---|---|---|---|---|---|---|---|
| Biblioteca Escolar Eng. Nuno Mergulhão | Biblioteca Escolar Eng. Nuno Mergulhão | BENM2336 | 82LP-2 VIC | Livro | Sem mensagem |
